| 000 | 00466nam a2200169Ia 4500 | ||
|---|---|---|---|
| 003 | LK-CoDNM | ||
| 005 | 20230923101127.0 | ||
| 008 | 010623t1924 xxu||||| |||| 00| 1 eng d | ||
| 040 |
_aLK-CoDNM _dLK-CoDNM _eLK-CoDNM |
||
| 041 | _aeng | ||
| 080 | _a12 R7 | ||
| 100 | _aNewton,Arthur Percival. | ||
| 245 | _aThe Universities and Educational Systems of the British Empire | ||
| 260 |
_bW.Collins Sons Co _aLondon _c1924 |
||
| 300 | _bxxiv,282p., 22 cm | ||
| 942 | _cBK | ||
| 999 |
_c92270 _d92270 |
||